| 000 | 00736cam a2200205 i 4500 | ||
|---|---|---|---|
| 005 | 20251211122447.0 | ||
| 008 | 250721s2016 jo gr 000 0 ara d | ||
| 082 | 1 | 4 |
_a216.37 _bا ب و |
| 100 | 1 |
_aابو فارس، محمد عبد القادر _eمؤلف. |
|
| 245 | 1 | 2 |
_aالايمان والنذور / _cالدكتور محمد عبد القادر ابو الفارس. |
| 250 | _aالطبعة الاولى. | ||
| 264 | 3 | 1 |
_aعمان : _bدار النفائس لنشر والتوزيع، _c2016. |
| 300 | _a232 صفحة. | ||
| 650 | 1 | 7 | _aالفقه الأسلامي. |
| 650 | 1 | 7 | _aالأيمان. |
| 650 | 1 | 7 | _aالنذور. |
| 650 | 1 | 7 | _aكفارات النذور. |
| 942 |
_2ddc _cBK |
||
| 999 |
_c133902 _d133902 |
||